[Event "Online Olym Div3 A"]
[Site "Chess.com INT"]
[Date "2020.08.09"]
[Round "9.5"]
[White "Liu, Xiangyi"]
[Black "Watanabe, Akira"]
[Result "1-0"]
[WhiteElo "2377"]
[BlackElo "2284"]
[PlyCount "51"]
[EventDate "2020.08.07"]
[EventType "team-tourn (rapid)"]
[EventRounds "9"]
[EventCountry "USA"]
[SourceTitle "CBM 198"]
[Source "ChessBase"]
[SourceDate "2020.10.31"]
[SourceVersion "1"]
[SourceVersionDate "2020.10.31"]
[SourceQuality "1"]
[WhiteTeam "Singapore"]
[BlackTeam "Japan"]
[WhiteTeamCountry "SIN"]
[BlackTeamCountry "JPN"]

1. e4 c5 2. Nf3 e6 3. g3 d5 4. e5 Nc6 5. Bg2 Qc7 6. Qe2 g6 7. 0-0 Bg7 8. Re1 Nge7 9. c3 c4 10. b3 Na5 11. bxc4 Nxc4 12. d3 Na5 13. h4 h5 14. Ba3 Nf5 15. c4 dxc4 16. Nc3 Bd7 17. Rac1 Bf8 18. Bb2 b5 19. Ne4 0-0-0 20. Nfd2 Bc6 21. dxc4 b4 22. Nd6+ Kb8 23. N2e4 Nxd6 24. exd6 Bxd6 25. Nxd6 Qxd6 26. Be5 1-0

[Event "Online Olym Div3 A"]
[Site "Chess.com INT"]
[Date "2020.08.08"]
[Round "5.4"]
[White "Watanabe, Akira"]
[Black "Pasko, Llambi"]
[Result "0-1"]
[WhiteElo "2284"]
[BlackElo "2410"]
[PlyCount "84"]
[EventDate "2020.08.07"]
[EventType "team-tourn (rapid)"]
[EventRounds "9"]
[EventCountry "USA"]
[SourceTitle "CBM 198"]
[Source "ChessBase"]
[SourceDate "2020.10.31"]
[SourceVersion "1"]
[SourceVersionDate "2020.10.31"]
[SourceQuality "1"]
[WhiteTeam "Japan"]
[BlackTeam "Albania"]
[WhiteTeamCountry "JPN"]
[BlackTeamCountry "ALB"]

1. d4 d5 2. c4 c6 3. Nc3 Nf6 4. cxd5 cxd5 5. Bf4 Nc6 6. e3 Bf5 7. Nf3 e6 8. Bb5 Nd7 9. Qa4 Qb6 10. 0-0 Be7 11. Rfc1 0-0 12. a3 a6 13. Bxc6 bxc6 14. b4 a5 15. b5 c5 16. Ne5 Nxe5 17. Bxe5 f6 18. dxc5 Bxc5 19. Bd4 Rfc8 20. Bxc5 Rxc5 21. Qd4 Rac8 22. Qd2 Rc4 23. a4 Qc5 24. Ne2 e5 25. h3 Bc2 26. Qxa5 d4 27. exd4 exd4 28. Qd2 d3 29. Nf4 g6 30. g3 g5 31. Ng2 Bxa4 32. Rxc4 Qxc4 33. b6 Bc6 34. Ne3 Qe4 35. Kh2 Qf3 36. Rf1 Rd8 37. Qa2+ Kh8 38. Qf7 d2 39. Qe7 Re8 40. Qd6 d1Q 41. Qxd1 Rxe3 42. Qxf3 Rxf3 0-1

[Event "Olympiad-41"]
[Site "Tromsoe"]
[Date "2014.08.12"]
[Round "10.3"]
[White "Shaw, John"]
[Black "Watanabe, Akira"]
[Result "1-0"]
[WhiteElo "2419"]
[BlackElo "2252"]
[PlyCount "79"]
[EventDate "2014.08.02"]
[EventType "team-swiss"]
[EventRounds "11"]
[EventCountry "NOR"]
[SourceTitle "CBM 162"]
[Source "ChessBase"]
[SourceDate "2014.09.17"]
[SourceVersion "1"]
[SourceVersionDate "2014.09.17"]
[SourceQuality "1"]
[WhiteTeam "Scotland"]
[BlackTeam "Japan"]
[WhiteTeamCountry "SCO"]
[BlackTeamCountry "JPN"]

1. e4 c5 2. Nf3 d6 3. Bb5+ Bd7 4. Bxd7+ Qxd7 5. c4 Nf6 6. Nc3 Nc6 7. d4 cxd4 8. Nxd4 g6 9. b3 Bg7 10. Bb2 0-0 11. 0-0 Nxd4 12. Qxd4 Ng4 13. Qd2 Rfe8 14. Rad1 Qc6 15. Rfe1 a6 16. Nd5 Bxb2 17. Qxb2 e6 18. Nb4 Qc7 19. h3 Ne5 20. Nc2 b5 21. f4 Nc6 22. Ne3 bxc4 23. Ng4 Reb8 24. Nf6+ Kf8 25. Nxh7+ Ke7 26. Qf6+ Ke8 27. bxc4 Qe7 28. Qc3 Qh4 29. Nf6+ Ke7 30. e5 dxe5 31. fxe5 Ra7 32. Qd3 Kf8 33. Qd6+ Kg7 34. Qxc6 Rb2 35. Qf3 Rab7 36. Ne8+ Kg8 37. Nd6 Rc7 38. Re2 Rxe2 39. Qxe2 Qg3 40. Rd3 1-0

[Event "Olympiad-41"]
[Site "Tromsoe"]
[Date "2014.08.10"]
[Round "8.3"]
[White "Watanabe, Akira"]
[Black "Tikkanen, Hans"]
[Result "1-0"]
[WhiteElo "2252"]
[BlackElo "2559"]
[PlyCount "80"]
[EventDate "2014.08.02"]
[EventType "team-swiss"]
[EventRounds "11"]
[EventCountry "NOR"]
[SourceTitle "CBM 162"]
[Source "ChessBase"]
[SourceDate "2014.09.17"]
[SourceVersion "1"]
[SourceVersionDate "2014.09.17"]
[SourceQuality "1"]
[WhiteTeam "Japan"]
[BlackTeam "Sweden"]
[WhiteTeamCountry "JPN"]
[BlackTeamCountry "SWE"]

1. d4 e6 2. c4 d5 3. Nf3 c6 4. Nbd2 f5 5. e3 Nf6 6. Bd3 Nbd7 7. b3 Bd6 8. Bb2 0-0 9. 0-0 Ne4 10. Ne5 Rf6 11. f4 Rh6 12. Ndf3 Nxe5 13. dxe5 Be7 14. Qe2 Bd7 15. Rac1 Qe8 16. Nd4 Qg6 17. cxd5 exd5 18. Bxe4 fxe4 19. f5 Qg5 20. f6 gxf6 21. e6 Bd6 22. g3 Bxg3 23. hxg3 Rh3 24. Rf2 Be8 25. Rg2 Bg6 26. Qf2 Re8 27. Qf4 Qh5 28. Kf2 Rh1 29. Rxh1 Qxh1 30. Nf5 Rxe6 31. Nh6+ Kg7 32. Ng4 Qd1 33. Bxf6+ Kf8 34. Bd4+ Bf7 35. Rh2 Qc2+ 36. Kg1 Qd1+ 37. Kg2 Qe2+ 38. Kh3 Qf3 39. Rf2 Qxf4 40. Rxf4 b6 1-0

[Event "Olympiad-41"]
[Site "Tromsoe"]
[Date "2014.08.04"]
[Round "3.3"]
[White "Watanabe, Akira"]
[Black "Schreiner, Peter"]
[Result "1-0"]
[WhiteElo "2252"]
[BlackElo "2460"]
[PlyCount "49"]
[EventDate "2014.08.02"]
[EventType "team-swiss"]
[EventRounds "11"]
[EventCountry "NOR"]
[SourceTitle "CBM 162"]
[Source "ChessBase"]
[SourceDate "2014.09.17"]
[SourceVersion "1"]
[SourceVersionDate "2014.09.17"]
[SourceQuality "1"]
[WhiteTeam "Japan"]
[BlackTeam "Austria"]
[WhiteTeamCountry "JPN"]
[BlackTeamCountry "AUT"]

1. d4 Nf6 2. c4 g6 3. Nc3 d5 4. cxd5 Nxd5 5. e4 Nxc3 6. bxc3 Bg7 7. Bc4 c5 8. Ne2 Nc6 9. Be3 0-0 10. 0-0 Bg4 11. f3 Bd7 12. Rb1 Qc7 13. Bd3 Rad8 14. Bf4 Qc8 15. Rc1 b5 16. Qd2 c4 17. Bc2 b4 18. cxb4 c3 19. Nxc3 Bxd4+ 20. Kh1 Be6 21. Nd5 Bb2 22. Ba4 Bxc1 23. Rxc1 Qa6 24. Bxc6 Kh8 25. Bh6 1-0

[Event "JPN-ch 46th"]
[Site "Tokyo"]
[Date "2013.05.04"]
[Round "7"]
[White "Watanabe, Akira"]
[Black "Gonda, Gentaro"]
[Result "1/2-1/2"]
[WhiteElo "2281"]
[BlackElo "2078"]
[PlyCount "127"]
[EventDate "2013.05.01"]
[EventType "swiss"]
[EventRounds "11"]
[EventCountry "JPN"]
[SourceTitle "CBM 154 Extra"]
[Source "ChessBase"]
[SourceDate "2013.06.25"]
[SourceVersion "2"]
[SourceVersionDate "2013.06.25"]
[SourceQuality "1"]

1. d4 Nf6 2. c4 e6 3. Nc3 c5 4. d5 exd5 5. cxd5 d6 6. Nf3 g6 7. Nd2 Nbd7 8. e4 Bg7 9. Be2 0-0 10. 0-0 Re8 11. a4 a6 12. Ra3 Rb8 13. a5 Qc7 14. Qc2 b5 15. axb6 Rxb6 16. Nc4 Rb4 17. Bf4 Bf8 18. Bd3 Ng4 19. Bd2 Nge5 20. Nxe5 Nxe5 21. Bxa6 Bxa6 22. Rxa6 Qb7 23. Ra2 Nc4 24. Bc1 Bg7 25. Re1 Nb6 26. Re2 Qe7 27. f3 Nc4 28. g3 h5 29. h4 Ne5 30. Kg2 Qf6 31. Rf2 Nc4 32. Nd1 Qe7 33. Ra4 Rxa4 34. Qxa4 Ne5 35. Bg5 f6 36. Be3 Rb8 37. Qc2 Qb7 38. Bd2 f5 39. Bc3 fxe4 40. Qxe4 Qf7 41. f4 Ng4 42. Re2 Bxc3 43. Nxc3 Nf6 44. Qd3 Re8 45. Rxe8+ Qxe8 46. Kf3 Ng4 47. Ne4 Qb8 48. Nf6+ Kg7 49. Nxg4 hxg4+ 50. Kxg4 Qxb2 51. h5 gxh5+ 52. Kxh5 Qf6 53. f5 Qh6+ 54. Kg4 Kf6 55. Qc3+ Kf7 56. Qc2 Kf6 57. Qb2+ Kf7 58. Kf3 Qh5+ 59. g4 Qh3+ 60. Kf4 Qh6+ 61. Ke4 Qh1+ 62. Kf4 Qh6+ 63. Kg3 Qe3+ 64. Kh4 1/2-1/2

[Event "Olympiad-40"]
[Site "Istanbul"]
[Date "2012.09.07"]
[Round "10.3"]
[White "Watanabe, Akira"]
[Black "Yeoh, Li Tian"]
[Result "1/2-1/2"]
[WhiteElo "2278"]
[BlackElo "2258"]
[PlyCount "97"]
[EventDate "2012.08.28"]
[EventType "team-swiss"]
[EventRounds "11"]
[EventCountry "TUR"]
[SourceTitle "CBM 151"]
[Source "ChessBase"]
[SourceDate "2012.11.13"]
[SourceVersion "1"]
[SourceVersionDate "2012.11.13"]
[SourceQuality "1"]
[WhiteTeam "Japan"]
[BlackTeam "Malaysia"]
[WhiteTeamCountry "JPN"]
[BlackTeamCountry "MAS"]

1. d4 d5 2. c4 c6 3. Nf3 Nf6 4. cxd5 cxd5 5. Nc3 Nc6 6. Bf4 a6 7. Rc1 Bf5 8. e3 Rc8 9. Be2 e6 10. 0-0 Bd6 11. Bxd6 Qxd6 12. Nh4 Be4 13. f3 Bg6 14. Na4 0-0 15. Nxg6 hxg6 16. Nc5 Rc7 17. Qd2 e5 18. Rc3 Re8 19. Nb3 exd4 20. Nxd4 Nxd4 21. Qxd4 Rxc3 22. Qxc3 d4 23. Qd2 Rxe3 24. Rd1 Re8 25. Bc4 Rd8 26. Qd3 b5 27. Bb3 Nh7 28. Re1 Nf8 29. Re4 Qf6 30. g3 g5 31. h4 Ng6 32. hxg5 Qxg5 33. Rg4 Qc1+ 34. Kg2 Ne5 35. Qf5 Qd2+ 36. Kh3 Nxg4 37. Bxf7+ Kh8 38. fxg4 Qh6+ 39. Kg2 d3 40. g5 Qh7 41. g6 Qh6 42. Bb3 d2 43. Bd1 a5 44. a4 bxa4 45. Qxa5 Rg8 46. Qf5 Re8 47. Qg4 Rd8 48. Bxa4 Rf8 49. b4 1/2-1/2

[Event "Olympiad-40"]
[Site "Istanbul"]
[Date "2012.09.03"]
[Round "6.3"]
[White "Watanabe, Akira"]
[Black "Dineley, Richard"]
[Result "1/2-1/2"]
[WhiteElo "2278"]
[BlackElo "2259"]
[PlyCount "62"]
[EventDate "2012.08.28"]
[EventType "team-swiss"]
[EventRounds "11"]
[EventCountry "TUR"]
[SourceTitle "CBM 151"]
[Source "ChessBase"]
[SourceDate "2012.11.13"]
[SourceVersion "1"]
[SourceVersionDate "2012.11.13"]
[SourceQuality "1"]
[WhiteTeam "Japan"]
[BlackTeam "Wales"]
[WhiteTeamCountry "JPN"]
[BlackTeamCountry "WLS"]

1. d4 d5 2. c4 e6 3. Nf3 c6 4. cxd5 exd5 5. Nc3 Bf5 6. Qb3 Qb6 7. Qxb6 axb6 8. Nh4 Be6 9. h3 Be7 10. Nf3 Nf6 11. Bf4 b5 12. e3 b4 13. Nb1 Ne4 14. Nbd2 f5 15. Bd3 Nd7 16. Ke2 0-0 17. Ne5 Nxe5 18. Bxe5 Ra7 19. Bc2 b6 20. f3 Nxd2 21. Kxd2 Rfa8 22. g4 Rxa2 23. Rxa2 Rxa2 24. gxf5 Rxb2 25. fxe6 b3 26. Kc3 Rxc2+ 27. Kxb3 Re2 28. Ra1 Rxe3+ 29. Kb2 Re2+ 30. Kb3 Re3+ 31. Kb2 Re2+ 1/2-1/2

[Event "Olympiad-40"]
[Site "Istanbul"]
[Date "2012.08.30"]
[Round "3.3"]
[White "Sipila, Vilka"]
[Black "Watanabe, Akira"]
[Result "0-1"]
[WhiteElo "2431"]
[BlackElo "2278"]
[PlyCount "78"]
[EventDate "2012.08.28"]
[EventType "team-swiss"]
[EventRounds "11"]
[EventCountry "TUR"]
[SourceTitle "CBM 151"]
[Source "ChessBase"]
[SourceDate "2012.11.13"]
[SourceVersion "1"]
[SourceVersionDate "2012.11.13"]
[SourceQuality "1"]
[WhiteTeam "Finland"]
[BlackTeam "Japan"]
[WhiteTeamCountry "FIN"]
[BlackTeamCountry "JPN"]

1. Nf3 Nf6 2. c4 g6 3. Nc3 Bg7 4. e4 d6 5. d4 0-0 6. Be2 e5 7. 0-0 Nc6 8. d5 Ne7 9. Ne1 Nd7 10. Nd3 f5 11. f3 Kh8 12. Bd2 f4 13. Rc1 g5 14. c5 Nxc5 15. Nxc5 dxc5 16. Na4 b6 17. b4 cxb4 18. Bxb4 Ng6 19. Bb5 Rf6 20. Qc2 c5 21. Be1 g4 22. fxg4 Bxg4 23. Be2 Qd7 24. Nc3 Rg8 25. Qd1 h5 26. h3 Bxh3 27. Bxh5 Bh6 28. Rc2 f3 29. Rxf3 Nf4 30. Rg3 Rxg3 31. Bxg3 Bxg2 32. Bxf4 Qh3 33. Rxg2 Bxf4 34. Re2 Be3+ 35. Rxe3 Qxe3+ 36. Kh1 Qh3+ 37. Kg1 Qg3+ 38. Kh1 Rf2 39. Qg4 Rf1# 0-1

[Event "Ho Chi Minh City zt 3.3"]
[Site "Ho Chi Minh City"]
[Date "2009.07.27"]
[Round "7"]
[White "Watanabe, Akira"]
[Black "Tran, Quoc Dung"]
[Result "1-0"]
[WhiteElo "2339"]
[BlackElo "2196"]
[PlyCount "93"]
[EventDate "2009.07.23"]
[EventType "swiss"]
[EventRounds "9"]
[EventCountry "VIE"]
[SourceTitle "CBM 131 Extra"]
[Source "ChessBase"]
[SourceDate "2009.09.03"]
[SourceVersion "2"]
[SourceVersionDate "2009.09.16"]
[SourceQuality "1"]

1. d4 Nf6 2. c4 e6 3. Nf3 b6 4. a3 Bb7 5. Nc3 d6 6. d5 e5 7. e4 g6 8. Be2 Bg7 9. 0-0 0-0 10. Ne1 Nbd7 11. b4 a5 12. Be3 Ne8 13. Nd3 f5 14. f3 Qe7 15. Rb1 Bc8 16. Qc2 Ndf6 17. Nf2 f4 18. Bd2 g5 19. Na4 Bd7 20. bxa5 h5 21. axb6 g4 22. b7 Rb8 23. c5 Bxa4 24. Qxa4 dxc5 25. Qa7 Nd6 26. Qxc5 Bh6 27. Rfc1 g3 28. hxg3 fxg3 29. Bxh6 gxf2+ 30. Qxf2 Rf7 31. Qa7 Qe8 32. Rc6 Kh7 33. Bg5 Ng8 34. Ba6 Rg7 35. Bh4 Qf8 36. Qe3 Nf6 37. Bxf6 Qxf6 38. Rbc1 Qd8 39. Qc3 Qg5 40. Rc2 Ne8 41. Re6 Re7 42. Rxe7+ Qxe7 43. Qc5 Qh4 44. Qa7 Qd8 45. Rc6 h4 46. Qe3 Nd6 47. Qc3 1-0

[Event "Ho Chi Minh City zt 3.3"]
[Site "Ho Chi Minh City"]
[Date "2009.07.25"]
[Round "4"]
[White "Nolte, Rolando"]
[Black "Watanabe, Akira"]
[Result "1-0"]
[WhiteElo "2458"]
[BlackElo "2339"]
[PlyCount "71"]
[EventDate "2009.07.23"]
[EventType "swiss"]
[EventRounds "9"]
[EventCountry "VIE"]
[SourceTitle "CBM 131 Extra"]
[Source "ChessBase"]
[SourceDate "2009.09.03"]
[SourceVersion "2"]
[SourceVersionDate "2009.09.16"]
[SourceQuality "1"]

1. d4 d5 2. c4 e6 3. Nc3 Nf6 4. Nf3 Be7 5. Bg5 h6 6. Bh4 0-0 7. e3 b6 8. Be2 Bb7 9. Bxf6 Bxf6 10. cxd5 exd5 11. b4 c6 12. 0-0 a5 13. b5 c5 14. Ne5 cxd4 15. exd4 Bxe5 16. dxe5 d4 17. Na4 Qg5 18. Bf3 Bxf3 19. Qxf3 Nd7 20. Qd5 Rad8 21. f4 Qg6 22. Qc6 Qd3 23. Rf3 Qe2 24. Nxb6 Nxb6 25. Qxb6 Rd5 26. Qxa5 d3 27. Qe1 Qb2 28. Rd1 Qxb5 29. h3 Rfd8 30. Qd2 Qc4 31. Kh2 Ra8 32. Qe3 Ra3 33. e6 fxe6 34. Qxe6+ Kh7 35. Rg3 Qxf4 36. Qg6+ 1-0

[Event "Sao Paulo Euwe 2nd"]
[Site "Sao Paulo"]
[Date "2008.08.23"]
[Round "2"]
[White "Zhao, Zong Yuan"]
[Black "Watanabe, Akira"]
[Result "1-0"]
[WhiteElo "2561"]
[BlackElo "2353"]
[PlyCount "105"]
[EventDate "2008.08.22"]
[EventType "tourn"]
[EventRounds "9"]
[EventCountry "BRA"]
[EventCategory "9"]
[SourceTitle "CBM 126 Extra"]
[Source "ChessBase"]
[SourceDate "2008.11.05"]
[SourceVersion "1"]
[SourceVersionDate "2008.11.05"]
[SourceQuality "1"]

1. e4 c5 2. Nf3 d6 3. d4 cxd4 4. Nxd4 Nf6 5. Nc3 a6 6. Be3 e6 7. Qd2 Nc6 8. 0-0-0 Be7 9. f3 0-0 10. g4 Nxd4 11. Qxd4 b5 12. g5 Nd7 13. h4 Ne5 14. f4 Nc6 15. Qd2 b4 16. Na4 Rb8 17. Kb1 Qc7 18. h5 d5 19. exd5 exd5 20. g6 d4 21. Bf2 Bf5 22. gxf7+ Kh8 23. h6 Bf6 24. hxg7+ Bxg7 25. Nc5 Qxf7 26. Bd3 Qd5 27. Nb3 a5 28. Bxf5 Rxf5 29. Nxd4 Rd8 30. Nxf5 Qxd2 31. Rxd2 Rxd2 32. Be3 Re2 33. Bc1 Nd4 34. Rd1 Ne6 35. Ng3 Rg2 36. Ne4 Re2 37. Ng5 Bf6 38. a3 Bxg5 39. fxg5 Re5 40. axb4 axb4 41. b3 Kg8 42. Rg1 Rb5 43. Kb2 Kf7 44. c3 bxc3+ 45. Kxc3 Rc5+ 46. Kb2 Rb5 47. Bd2 Nd4 48. b4 Ke6 49. Rf1 Kd5 50. Rf7 Kc4 51. Rxh7 Nf3 52. Rc7+ Kd3 53. Rc5 1-0

[Event "Linares Anibal op 09th"]
[Site "Linares"]
[Date "2002.03.03"]
[Round "3"]
[White "Watanabe, Akira"]
[Black "Potkin, Vladimir"]
[Result "0-1"]
[WhiteElo "2381"]
[BlackElo "2481"]
[PlyCount "76"]
[EventDate "2002.03.01"]
[EventType "swiss"]
[EventRounds "10"]
[EventCountry "ESP"]
[SourceTitle "CBM 087 Extra"]
[Source "ChessBase"]
[SourceDate "2002.05.03"]
[SourceVersion "2"]
[SourceVersionDate "2002.08.09"]
[SourceQuality "1"]

1. d4 d5 2. c4 e6 3. Nc3 c6 4. e3 Nf6 5. Nf3 Nbd7 6. Qc2 Bd6 7. Bd3 0-0 8. 0-0 dxc4 9. Bxc4 b5 10. Be2 Bb7 11. Rd1 Qc7 12. b3 a6 13. Ne4 Nxe4 14. Qxe4 c5 15. Qh4 Rfe8 16. Bb2 Be7 17. Qh3 Bf6 18. Rac1 Qa5 19. a3 Rac8 20. Ne5 Nxe5 21. dxe5 Be7 22. Bd3 g6 23. Qg3 Red8 24. h4 Rd7 25. Bc2 Rxd1+ 26. Rxd1 Rd8 27. Rc1 Rd2 28. h5 Rxc2 29. Rxc2 Qe1+ 30. Kh2 Qd1 31. Rc1 Qxb3 32. Bd4 Qxa3 33. Rc3 Qb4 34. Qf4 g5 35. Qg3 h6 36. f4 cxd4 37. Rc7 dxe3 38. Rxb7 e2 0-1

[Event "Carlos Torre Memorial op 14th"]
[Site "Merida"]
[Date "2001.12.18"]
[Round "5"]
[White "Graf, Alexander"]
[Black "Watanabe, Akira"]
[Result "1-0"]
[WhiteElo "2610"]
[BlackElo "2385"]
[PlyCount "65"]
[EventDate "2001.12.01"]
[EventType "swiss"]
[EventRounds "9"]
[EventCountry "MEX"]
[SourceTitle "CBM 085 Extra"]
[Source "ChessBase"]
[SourceDate "2002.01.21"]
[SourceVersion "1"]
[SourceVersionDate "2002.01.21"]
[SourceQuality "1"]

1. d4 d5 2. c4 e6 3. Nc3 Nf6 4. Bg5 Be7 5. e3 h6 6. Bh4 0-0 7. Rc1 Ne4 8. Bxe7 Qxe7 9. cxd5 Nxc3 10. bxc3 exd5 11. Qb3 c6 12. Ne2 Nd7 13. Nf4 Nf6 14. Bd3 Ne4 15. c4 dxc4 16. Bxc4 Qf6 17. Qb2 Nd6 18. Bb3 Re8 19. 0-0 Bf5 20. Nh5 Qg5 21. Ng3 Be6 22. Bc2 Qf6 23. Bd3 Rad8 24. Rfe1 Re7 25. a4 Bf5 26. e4 Rde8 27. f3 Bg6 28. Qf2 Qe6 29. f4 f5 30. e5 Nf7 31. Bc4 Qc8 32. d5 cxd5 33. Bb5 1-0

[Event "Carlos Torre Memorial op 13th"]
[Site "Merida"]
[Date "2000.12.22"]
[Round "9"]
[White "Garcia Martinez, Silvino"]
[Black "Watanabe, Akira"]
[Result "1-0"]
[WhiteElo "2442"]
[BlackElo "2374"]
[PlyCount "83"]
[EventDate "2000.12.15"]
[EventType "swiss"]
[EventRounds "9"]
[EventCountry "MEX"]
[SourceTitle "CBM 079 Extra"]
[Source "ChessBase"]
[SourceDate "2001.01.11"]
[SourceVersion "2"]
[SourceVersionDate "2001.01.25"]
[SourceQuality "1"]

1. d4 d5 2. c4 e6 3. Nc3 Nf6 4. Nf3 Be7 5. Bg5 h6 6. Bh4 0-0 7. e3 b6 8. Rc1 Bb7 9. Bxf6 Bxf6 10. cxd5 exd5 11. Qb3 c5 12. Be2 cxd4 13. Nxd4 Nd7 14. 0-0 Nc5 15. Qd1 Ne4 16. Bg4 Re8 17. Ncb5 Be5 18. Nc6 Bxc6 19. Rxc6 Qh4 20. f4 Bb8 21. Bd7 Rd8 22. Qxd5 Bxf4 23. exf4 Nf6 24. Rxf6 Qxf6 25. Qe4 a6 26. Nc3 Ra7 27. Ba4 Re7 28. Qf3 Rd2 29. Bb3 Qd4+ 30. Kh1 Rxb2 31. h3 Rd2 32. f5 Rd3 33. Qa8+ Kh7 34. f6 gxf6 35. Qf8 Rd7 36. Nd5 Rxd5 37. Qxf7+ Kh8 38. Bxd5 Qxd5 39. Qxf6+ Kh7 40. Qe7+ Kg6 41. Rf6+ Kh5 42. Rf5+ 1-0

[Event "Carlos Torre Memorial op 13th"]
[Site "Merida"]
[Date "2000.12.16"]
[Round "3"]
[White "Watanabe, Akira"]
[Black "Mitkov, Nikola"]
[Result "0-1"]
[WhiteElo "2374"]
[BlackElo "2532"]
[PlyCount "66"]
[EventDate "2000.12.15"]
[EventType "swiss"]
[EventRounds "9"]
[EventCountry "MEX"]
[SourceTitle "CBM 079 Extra"]
[Source "ChessBase"]
[SourceDate "2001.01.11"]
[SourceVersion "2"]
[SourceVersionDate "2001.01.25"]
[SourceQuality "1"]

1. d4 Nf6 2. c4 e6 3. Nc3 Bb4 4. e3 0-0 5. Bd3 d5 6. Nf3 Nc6 7. 0-0 a6 8. h3 h6 9. Re1 dxc4 10. Bxc4 Bd6 11. e4 e5 12. Be3 b5 13. Bb3 Bb7 14. dxe5 Nxe5 15. Bd4 Nfd7 16. Nxe5 Bxe5 17. a4 c6 18. Re3 Qf6 19. Rf3 Qe7 20. axb5 axb5 21. Rxa8 Bxa8 22. Rf5 Bb7 23. Bxe5 Nxe5 24. Qd4 Ng6 25. Qa7 Nh4 26. Rh5 Ra8 27. Qe3 Ng6 28. Rf5 Rf8 29. Qg3 Kh7 30. e5 Bc8 31. Rh5 Qb4 32. Bd1 Qxb2 33. Kh2 Qd2 0-1